| 000 | 00452nam a22001697a 4500 | ||
|---|---|---|---|
| 003 | OSt | ||
| 005 | 20140310182352.0 | ||
| 008 | 130930t xxu||||| |||| 00| 0 eng d | ||
| 020 | _a978174219302 | ||
| 050 |
_aQA 47 _b.Sh531 2005 |
||
| 082 |
_aGS 510 _bSh1 2005 |
||
| 100 |
_aSharkey, Jane; _922209 |
||
| 245 |
_aSing and learn times tables _c Jane Sharkey, |
||
| 260 |
_aAustralia : _bHinkler Books, _cc2005. |
||
| 942 |
_2lcc _cBK-GS |
||
| 999 |
_c12397 _d12397 |
||